Jeu de cartes en 1 minute - Statistiques

Statistiques générales
  • Ce quiz a été pris 160 fois
  • Le résultat moyen est 13 sur 52
Statistiques - réponses
Hint Réponse % Correct
Couleur noire As de pique
70%
Couleur rouge As de coeur
54%
2 de pique
52%
Couleur noire As de trèfle
51%
Roi de pique
45%
3 de pique
43%
Dame de pique
42%
4 de pique
39%
Couleur rouge As de carreau
39%
Valet de pique
39%
5 de pique
36%
6 de pique
36%
7 de pique
35%
9 de pique
33%
8 de pique
32%
10 de pique
31%
Roi de coeur
31%
Roi de trèfle
30%
2 de coeur
28%
3 de coeur
26%
Dame de coeur
25%
2 de trèfle
24%
Dame de trèfle
23%
Valet de coeur
21%
4 de coeur
20%
5 de coeur
19%
7 de coeur
19%
6 de coeur
18%
8 de coeur
18%
9 de coeur
18%
Roi de carreau
18%
3 de trèfle
17%
Valet de trèfle
17%
10 de coeur
16%
4 de trèfle
15%
5 de trèfle
15%
6 de trèfle
15%
7 de trèfle
14%
Dame de carreau
14%
10 de trèfle
13%
2 de carreau
13%
9 de trèfle
13%
Valet de carreau
13%
8 de trèfle
11%
10 de carreau
8%
3 de carreau
8%
4 de carreau
7%
7 de carreau
7%
9 de carreau
7%
8 de carreau
6%
5 de carreau
5%
6 de carreau
5%
Aucun quiz correspondant
Distribution des résultats
% des personnes avec chaque résultat
Percentile par nombre de réponses
Votre historique - résultats
Vous n’avez pas pris ce quiz